How Islam rules in Iran : (Record no. 760982)
[ view plain ]
| 000 -LEADER | |
|---|---|
| fixed length control field | 01371cam a22002058i 4500 |
| 020 ## - INTERNATIONAL STANDARD BOOK NUMBER | |
| ISBN | 9781009460835 |
| 020 ## - INTERNATIONAL STANDARD BOOK NUMBER | |
| ISBN | 9781009460842 |
| 082 00 - DEWEY DECIMAL CLASSIFICATION NUMBER | |
| Classification number | 297.272 095 5 |
| Edition number | 23/eng/20231213 |
| 100 1# - MAIN ENTRY--AUTHOR NAME | |
| Personal name | Kamrava, Mehran, |
| Relator term | author. |
| 245 10 - TITLE STATEMENT | |
| Title | How Islam rules in Iran : |
| Sub Title | theology and theocracy in the Islamic Republic / |
| Statement of responsibility, etc | by Mehran Kamrava, Georgetown University, Doha. |
| 260 ## - PUBLICATION, DISTRIBUTION, ETC. (IMPRINT) | |
| Place of publication | . - UK |
| Name of publisher | : Cambridge University Press |
| Year of publication | , 2024 |
| 300 ## - PHYSICAL DESCRIPTION | |
| Number of Pages | ix+354 pages |
| 504 ## - BIBLIOGRAPHY, ETC. NOTE | |
| Bibliography, etc | Includes bibliographical references and index. |
| 505 0# - FORMATTED CONTENTS NOTE | |
| Formatted contents note | 1. Introduction -- 2. The Setting -- 3. A Question of Jurisprudence -- 4. Social Protection and Guidance -- 5. Rethinking the Islamic Republic -- 6. Theorizing Islamic Democracy -- 7. Legitimate Authority -- 8. Khameneism and the Absolute Velayat-e Faqih -- 9. Whither the Islamic Republic? -- Appendix 1 -- Glossary -- Bibliography. |
| 520 ## - SUMMARY, ETC. | |
| Summary, etc | "Focusing on the jurisprudential and ideological foundations of the Islamic Republic state, this book explores the relationship between Islam and politics in postrevolutionary Iran. It can be read at several levels, from informed observers and specialists to readers interested in Islamic studies, state-religion relations, and Shia jurisprudence"-- |
| 650 #0 - SUBJECT ADDED ENTRY--TOPICAL TERM | |
| Topical Term | Islam and state |
| Geographic subdivision | Iran |
| 650 #0 - SUBJECT ADDED ENTRY--TOPICAL TERM | |
| Topical Term | Islam and politics |
| Geographic subdivision | Iran |
| 942 ## - ADDED ENTRY ELEMENTS (KOHA) | |
| Source of classification or shelving scheme | Dewey Decimal Classification |
| Koha item type | Reference |
| Withdrawn status | Lost status | Source of classification or shelving scheme | Damaged status | Not for loan | Home Library | Current Location | Shelving location | Date acquired | Full call number | Accession Number | Price effective from | Koha item type |
|---|---|---|---|---|---|---|---|---|---|---|---|---|
| Dewey Decimal Classification | Dept. of Political Science | Dept. of Political Science | Reference | 27/01/2026 | 297.272 095 5 | POL23882 | 23/06/2026 | Reference |
